000 00366 a2200145 4500
999 _c9525
_d9525
020 _a409003344
050 _aKTL500 LAW 1977
100 _aJoubert, W.A
_eauthor
245 _aThe law of South Africa /
_cW.A Joubert
264 _aDurban :
_bButterworths.,
_c1977
300 _a462 pages
500 _alncludes index
650 _aLaw
942 _2lcc
_cBK
_h500
_iLAW
_kKTL